000 00335nam a2200145Ia 4500
005 20260327151728.0
050 _aQA 76.5.M57/
100 _aArthur W. Burks
245 _aSequential machines selected papers
260 _aAddison- wesley publishing company
260 _b1964
260 _c266 p
650 _aBK
942 _cBK
_2lcc
999 _c34681
_d34681